000 00324nam a2200145Ia 4500
008 230718s9999 xx 000 0 und d
041 _aEng.
082 _a340
_bKHA-J
100 _aKhan,Ali Zafar
245 0 _ajudicial solved
260 _aPakistan
_bomer law book
_c2007
300 _a964
650 _aLaw
999 _c30412
_d30412